| 000 | 00441nam a2200145 i 4500 | ||
|---|---|---|---|
| 001 | 89639 | ||
| 003 | ES-MaACL | ||
| 007 | t| | ||
| 008 | 050111s1915 fr ||||1| fre d | ||
| 100 | 1 |
_aLavisse, Ernest. _970728 |
|
| 245 | 1 | 0 |
_aVue générale de l'Histoire politique de l'Europe / _cpar Ernest Lavisse. |
| 260 |
_aParis : _b[s.n.], _c1915 ( _eCoulommiers : _fPaul Brodard) |
||
| 300 |
_aVIII, 243 p. ; _c18 cm. |
||
| 852 |
_aES-MaACL _jG-15316 |
||
| 999 |
_c89639 _d89639 |
||